000
00330 a2200157 4500
001
12605
020
_a
9788573404074
040
_c
Anchieta - Aquarius
100
_a
Valvassori, Maureen M.
240
1
0
_a
No parque
_l
por
245
1
0
_a
No parque
300
_a
24
362
0
_a
2005
650
4
_a
Literatura infantil
942
_c
BK
999
_c
12605
_d
12605